The Perfect Companion to SMM7 (Record no. 73545)

MARC details
000 -LEADER
fixed length control field 01342cam a2200193 4500
001 - CONTROL NUMBER
control field WB3937-20
008 - FIXED-LENGTH DATA ELEMENTS--GENERAL INFORMATION
fixed length control field 031002n2003 000 0 eng u
035 ## - SYSTEM CONTROL NUMBER
System control number (Sirsi) u123828
245 #4 - TITLE STATEMENT
Title The Perfect Companion to SMM7
260 ## - PUBLICATION, DISTRIBUTION, ETC.
Date of publication, distribution, etc. 2003
490 ## - SERIES STATEMENT
Series statement RICS News Service
Volume/sequential designation 1 October 2003 (1)
520 ## - SUMMARY, ETC.
Summary, etc. RICS Books will shortly be publishing βSMM7: Explained and Illustratedγ, the first and only companion to SMM7. Essential for all quantity surveyors, from the recently qualified to the experienced professional, this book will enable you to find your way around SMM7 as never before. This fully illustrated guide follows the structure of SMM7 and will help QSs and estimators understand and clarify its more obscure or contentious items. With over 600 illustrations, summary notes and explanations, you need never feel confused by SMM7 again. Priced at £29.99 it can be ordered from RICS Books t +44(0)870 333 1600 and choose option 3 or e [email protected] <mailto:[email protected]>. <http://www.rics.org/ricscms/bin/show?class=News&template=/includes/shownews.html&id=7150>
590 ## - LOCAL NOTE (RLIN)
Local note WB
650 ## - SUBJECT ADDED ENTRY--TOPICAL TERM
Topical term or geographic name entry element STANDARD METHOD OF MEASUREMENT (SEVENTH EDITION)
650 ## - SUBJECT ADDED ENTRY--TOPICAL TERM
Topical term or geographic name entry element BUILT ENVIRONMENT-QUANTITY SURVEYING-STANDARD METHOD OF MEASUREMENT
650 ## - SUBJECT ADDED ENTRY--TOPICAL TERM
Topical term or geographic name entry element ESTIMATORS
690 ## - LOCAL SUBJECT ADDED ENTRY--TOPICAL TERM (OCLC, RLIN)
Topical term or geographic name as entry element Quantity surveying
9 (RLIN) 6263
942 ## - ADDED ENTRY ELEMENTS (KOHA)
Suppress in OPAC 0
Holdings
Withdrawn status Lost status Source of classification or shelving scheme Damaged status Not for loan Home library Current library Shelving location Date acquired Total Checkouts Full call number Barcode Date last seen Copy number Price effective from Koha item type
    Dewey Decimal Classification     London London News article 02/10/2003   WB3937-20 123828-1001 06/08/2019 1 06/08/2019 News article